|
|
|
|
| LEADER |
00000nam0a2200000 4500 |
| 001 |
198296 |
| 005 |
20231101224814.0 |
| 010 |
|
|
|a 9785918080269
|
| 035 |
|
|
|a (RuTPU)RU\TPU\book\216283
|
| 090 |
|
|
|a 198296
|
| 100 |
|
|
|a 20110628d2010 km y0rusy50 ca
|
| 101 |
0 |
|
|a rus
|
| 102 |
|
|
|a RU
|
| 105 |
|
|
|a y z 000zy
|
| 200 |
1 |
|
|a Интеллектуальная собственность в вопросах и ответах
|f Г. В. Бромберг
|
| 210 |
|
|
|a Москва
|c Патент
|d 2010
|
| 215 |
|
|
|a 240 с.
|
| 330 |
|
|
|a В книге в форме вопросов и ответов на них освещены основные аспекты функционирования института интеллектуальной собственности в условиях рыночной экономики современной России. Рассмотрены основы патентного и авторского права, системы патентной информации, экономика интеллектуальной собственности, в том числе ее стоимостная оценка, использование объектов промышленной собственности, управление интеллектуальной собственностью, в том числе применение информации о ней при прогнозировании научно-технического развития, а также стимулирование участников инновационного процесса и распределение прав на интеллектуальную собственность. Материал снабжен примерами, иллюстрирующими практические аспекты управления интеллектуальной собственностью. Издание предназначено для управленцев, инженеров и научных работников, преподавателей гуманитарного курса «Интеллектуальная собственность», студентов. Оно может также использоваться при переподготовке и повышении квалификации специалистов самых разных уровней и направлений.
|
| 606 |
1 |
|
|a Интеллектуальная собственность
|x Право
|2 stltpush
|3 (RuTPU)RU\TPU\subj\12805
|9 39522
|
| 610 |
1 |
|
|a интеллектуальная деятельность
|
| 610 |
1 |
|
|a международная система
|
| 610 |
1 |
|
|a промышленная собственность
|
| 610 |
1 |
|
|a правовая охрана
|
| 610 |
1 |
|
|a авторское право
|
| 610 |
1 |
|
|a Российская Федерация
|
| 610 |
1 |
|
|a селекционные достижения
|
| 610 |
1 |
|
|a управление
|
| 610 |
1 |
|
|a учет
|
| 610 |
1 |
|
|a инновации
|
| 610 |
1 |
|
|a информация
|
| 610 |
1 |
|
|a стоимость
|
| 686 |
|
|
|a Х623.3
|v LBC/SL-A
|2 rubbk
|
| 700 |
|
1 |
|a Бромберг
|b Г. В.
|g Герц Вениаминович
|
| 801 |
|
1 |
|a RU
|b 63413507
|c 20110628
|
| 801 |
|
2 |
|a RU
|b 63413507
|c 20200821
|g RCR
|
| 942 |
|
|
|c BK
|